| 000 | 00549nam a2200181Ia 4500 | ||
|---|---|---|---|
| 003 | GCL | ||
| 008 | 140319s9999 xx 000 0 ara d | ||
| 040 |
_aGCL / _cGCL |
||
| 082 | 0 | 4 |
_a189.9 _bف ن |
| 100 | 1 | _aفهمى جدعان | |
| 245 | 1 | 0 |
_aنظرية التراث ودراسات عربيه واسلامية آخرى / _cفهمى جدعان |
| 300 | _a262 | ||
| 490 |
_a100 قصة _v0 |
||
| 650 | 0 | 4 | _aالفلسفة الاسلامية |
| 650 | 0 | 4 | _aالتراث الاسلامى |
| 650 | 0 | 4 | _aالفلسفة - نظريات |
| 942 |
_2ddc _cBK |
||
| 999 |
_c44117 _d44117 |
||